DNA restriction fragment length polymorphisms in the wheat stem rust fungus, Puccinia graminis tritici (Record no. 57332)

MARC details
000 -LEADER
fixed length control field 00473nam a2200169Ia 4500
100 ## - MAIN ENTRY--AUTHOR NAME
Personal name Anderson P A
245 #0 - TITLE STATEMENT
Title DNA restriction fragment length polymorphisms in the wheat stem rust fungus, Puccinia graminis tritici
260 ## - PUBLICATION, DISTRIBUTION, ETC. (IMPRINT)
Name of publisher Theoretical and Applied Genetics
Year of publication 1992
300 ## - PHYSICAL DESCRIPTION
Number of Pages 715-719
650 ## - SUBJECT ADDED ENTRY--TOPICAL TERM
Topical Term cDNA
650 ## - SUBJECT ADDED ENTRY--TOPICAL TERM
Topical Term Leaf rust
650 ## - SUBJECT ADDED ENTRY--TOPICAL TERM
Topical Term Puccinia
650 ## - SUBJECT ADDED ENTRY--TOPICAL TERM
Topical Term RFLP
700 ## - ADDED ENTRY--PERSONAL NAME
Personal name Pryor A J
942 ## - ADDED ENTRY ELEMENTS (KOHA)
Koha item type Journals
Holdings
Withdrawn status Lost status Damaged status Not for loan Home library Current library Date acquired Serial Enumeration / chronology Koha item type
      Journals RRII Library RRII Library 17/12/2021 Volume 83, Issue 07-Jun Journals